00765nam a2200193 a 450000500170000000800410001702000180005805000220007610000160009824500340011426000520014830000230020052001380022365000170036165000300037865000240040899900190043295201200045120140412111256.0000824s19uu xx 00 eng d a1-57255-202-6 aTR(PS EbSp4 1993 aGraham, Bob aSpirit of hope /cBob Graham. aGreenvale, New York :bMondo Publishing,c1996. a1 v. (unp.) ; ill. aWhen the Fairweather family almost gives up hope of findinf a place to live, the youngest child gives them idea for a great location. aHope-Fiction aMoving, Household-Fiction aFamily life-Fiction c103242d103242 001040aELbELcTRd2000-08-24eLib. Fundg652.00l0oTR(PS E Sp4 1993pE4051r2014-04-12 00:00:00w2014-04-12yBK